=LDR 00000nam 2200000 4500 =001 INLIS000000000030549 =005 20130612132702 =008 ***********************************ind** =035 ##$$0010-061300000030549 =041 ##$$a ind =082 ##$$a 382.5 =090 ##$$a 382.5, SAN p =100 ##$$a Santoso, Ruddy Tri =245 ##$$a Pembiayaan transaksi luar negeri, Ruddy Tri Santoso =260 ##$$a 1994 $b Yogyakarta =300 ##$$a xvii, 265 hlm., ilus., 23 cm =650 ##$$a Perdagangan Internasional =850 ##$$a NBPNMAT